| Hint | Réponse | % Correct |
|---|---|---|
| Quel est le plus grand océan du monde ? | Pacifique | 93%
|
| Quelle est la capitale du pays le plus peuplé en 2025 ? | New Delhi | 87%
|
| Quel grand fleuve traverse le Kenya et l'Égypte jusqu'à la mer Méditerranée ? | Nil | 85%
|
| Quel outre-mer français n'est pas une île ? | Guyane | 78%
|
| Comment appelle-t-on les habitant•es de Moscou ? | Moscovites | 77%
|
| Dans quel•le mer ou océan se jette le Rhin ? | Mer du Nord | 63%
|
| Quelle est la langue officielle du Mozambique ? | Portugais | 61%
|
| Comment se nomme le détroit situé entre la Russie et l'Alaska ? | Détroit de Béring | 60%
|
| En France, dans quelle région se situe le Gers ? | Occitanie | 55%
|
| Combien y a t il au total de territoires (et États) en Australie ? | 8 | 53%
|
| Quel continent a une superficie d'environ 14 millions de km² ? | Antarctique | 51%
|
| À quel pays appartient l'île Clipperton ? | France | 51%
|
| Quel pays a comme capitale Bichkek ? | Kirghizistan | 50%
|
| Quelle est la capitale de la Papouasie-Nouvelle-Guinée ? | Port Moresby | 47%
|
| Quel est le chef-lieu du DROM Mayotte ? | Mamoudzou | 40%
|
| En France, quel département comporte le numéo 72 ? | Sarthe | 40%
|
| Combien de mètres atteint la Fosse des Mariannes ? | 11000 | 27%
|
| Quel pays a une croix orthodoxe sur son drapeau ? | Grèce | 26%
|
| Quel pays a une superficie d'environ 1 564 116 km² ? | Mongolie | 15%
|
| Dans quel désert se situe la plus grande zone endoréique du monde ? | Désert du Taklamakan | 0%
|